[Event "España ch 2012 Veteranos"]
[Site "Mondariz ESP"]
[Date "2012.10.13"]
[Round "4.7"]
[White "Vinal Gutierrez, Pedro"]
[Black "Sanz Bastos, Fernando"]
[Result "1-0"]
[WhiteElo "2009"]
[BlackElo "2022"]
[PlyCount "134"]
[EventDate "2012.10.10"]
[EventType "swiss"]
[EventRounds "9"]
[EventCountry "ESP"]
[Source "lmi"]
[SourceDate "2012.10.10"]

1. d4 f5 2. Nf3 Nf6 3. Bg5 e6 4. Nbd2 Be7 5. Bxf6 Bxf6 6. e4 O-O 7. Bd3 g6 8.
Qe2 c5 9. e5 Bg7 10. dxc5 Qa5 11. O-O Qxc5 12. Nc4 Nc6 13. c3 a5 14. Rfe1 b6
15. Rad1 Rb8 16. a4 Ba6 17. Na3 Bxd3 18. Rxd3 Rfd8 19. Nb5 Ne7 20. Qd2 Nd5 21.
Nfd4 Bf8 22. Rh3 Qe7 23. Nd6 Qg7 24. N4xf5 Qh8 25. Nh6+ Bxh6 26. Qxh6 Rf8 27.
Re4 Qg7 28. Qg5 Ne7 29. g4 Nc8 30. Nb5 Qf7 31. Qe3 Qg7 32. Qd2 Rb7 33. Rd3 Rf7
34. Qe3 Qf8 35. Rc4 Qd8 36. Qe4 Rb8 37. Rc7 Qh4 38. Rg3 Ne7 39. Nd6 Nd5 40.
Nxf7 Nxc7 41. Nd6 Rf8 42. c4 Qg5 43. Rf3 Qe7 44. Kg2 Na6 45. Rxf8+ Qxf8 46. Qe3
Nc5 47. b3 Qa8+ 48. f3 Qf8 49. Kg3 Kg7 50. h4 h6 51. Ne4 Nxe4+ 52. Qxe4 Qc5 53.
Kg2 Qb4 54. Qd3 Qe7 55. Kh3 Qf7 56. f4 Qxf4 57. Qxd7+ Qf7 58. Qxf7+ Kxf7 59.
Kg3 Ke7 60. Kf3 Kd7 61. Ke4 Kc7 62. Kd3 Kd7 63. Kc3 Kc6 64. b4 Kc7 65. b5 Kb7
66. Kd4 Kc7 67. c5 Kb7 1-0

[Event "España ch 2012 Veteranos"]
[Site "Mondariz ESP"]
[Date "2012.10.13"]
[Round "4.9"]
[White "Buxade Roca, Guillermo"]
[Black "Lorenzo Duran, Marcos"]
[Result "1-0"]
[WhiteElo "2128"]
[BlackElo "2112"]
[PlyCount "55"]
[EventDate "2012.10.10"]
[EventType "swiss"]
[EventRounds "9"]
[EventCountry "ESP"]
[Source "lmi"]
[SourceDate "2012.10.10"]

1. Nf3 d5 2. b3 Nf6 3. Bb2 g6 4. e3 Bg7 5. c4 c6 6. Be2 O-O 7. O-O Bf5 8. d4
Nbd7 9. Nh4 Bxb1 10. Rxb1 Ne4 11. f3 Nd6 12. g3 Re8 13. Ng2 dxc4 14. bxc4 e5
15. Ba3 Nf5 16. g4 Nh4 17. Nxh4 Qxh4 18. Rxb7 Nb6 19. d5 Bh6 20. Bc1 e4 21. f4
Rad8 22. Qb3 cxd5 23. cxd5 Nxd5 24. Rd1 Rf8 25. g5 Bg7 26. Kg2 Nxf4+ 27. exf4
Rxd1 28. Qxd1 1-0

[Event "España ch 2012 Veteranos"]
[Site "Mondariz ESP"]
[Date "2012.10.13"]
[Round "4.10"]
[White "Salgado Gonzalez, Julio"]
[Black "Oneto Zarco, Jose"]
[Result "0-1"]
[WhiteElo "1836"]
[BlackElo "2013"]
[PlyCount "86"]
[EventDate "2012.10.10"]
[EventType "swiss"]
[EventRounds "9"]
[EventCountry "ESP"]
[Source "lmi"]
[SourceDate "2012.10.10"]

1. d4 Nf6 2. Nf3 e6 3. Bg5 Be7 4. e3 b6 5. Bd3 Bb7 6. Nbd2 d5 7. c3 h6 8. Bh4
Nbd7 9. O-O O-O 10. Rc1 c5 11. Re1 Ne4 12. Bxe7 Qxe7 13. c4 f5 14. Qe2 Rac8 15.
a3 Qd6 16. Red1 Qe7 17. Nf1 Qf6 18. b4 cxd4 19. exd4 dxc4 20. Bxc4 Bd5 21. Ne3
Bxc4 22. Nxc4 Qe7 23. Re1 Ndf6 24. Nce5 Kh7 25. Qa6 Rc7 26. Nc6 Qd6 27. Nfe5
Rfc8 28. b5 Nd7 29. Nxd7 Qxd7 30. Qa4 Nd6 31. h3 Nxb5 32. d5 exd5 33. Re7 Qxe7
34. Nxe7 Rxc1+ 35. Kh2 R8c5 36. Nxf5 d4 37. g4 R1c3 38. Qd1 d3 39. Ng3 Nd6 40.
h4 Rd5 41. Qf3 Rcc5 42. Ne4 d2 43. Nxd6 Rxd6 0-1

[Event "España ch 2012 Veteranos"]
[Site "Mondariz ESP"]
[Date "2012.10.13"]
[Round "4.11"]
[White "Benito Alba, Eladio"]
[Black "Sarto Ramos, Angel"]
[Result "0-1"]
[WhiteElo "1736"]
[BlackElo "2000"]
[PlyCount "34"]
[EventDate "2012.10.10"]
[EventType "swiss"]
[EventRounds "9"]
[EventCountry "ESP"]
[Source "lmi"]
[SourceDate "2012.10.10"]

1. d4 g6 2. Nf3 Bg7 3. g3 d5 4. Bg2 Nc6 5. O-O Bf5 6. c3 Qd7 7. Re1 Nf6 8. Nbd2
Ne4 9. Nh4 Bf6 10. Nxe4 Bxe4 11. Bxe4 dxe4 12. Ng2 g5 13. b4 h5 14. e3 h4 15.
gxh4 O-O-O 16. Kh1 Ne5 17. dxe5 Qxd1 0-1

[Event "España ch 2012 Veteranos"]
[Site "Mondariz ESP"]
[Date "2012.10.13"]
[Round "4.12"]
[White "Iglesias Vidal, Jose Luis"]
[Black "Gutierrez Leon, Cristobal"]
[Result "0-1"]
[WhiteElo "1685"]
[BlackElo "1947"]
[PlyCount "102"]
[EventDate "2012.10.10"]
[EventType "swiss"]
[EventRounds "9"]
[EventCountry "ESP"]
[Source "lmi"]
[SourceDate "2012.10.10"]

1. Nf3 Nf6 2. c4 d6 3. d4 g6 4. Nc3 Bg7 5. e4 O-O 6. Be2 c6 7. O-O Qc7 8. Bf4
Nh5 9. Be3 a6 10. Rc1 Nd7 11. Qd2 Re8 12. h3 Nhf6 13. Qc2 e5 14. d5 c5 15. a3
Nf8 16. Ne1 Qe7 17. Qd2 h5 18. Bd3 N6h7 19. Nf3 f5 20. Bg5 Nxg5 21. Qxg5 Qxg5
22. Nxg5 Bh6 23. h4 Bxg5 24. hxg5 f4 25. b4 cxb4 26. axb4 Nh7 27. c5 dxc5 28.
bxc5 Nxg5 29. d6 Be6 30. f3 Red8 31. Na4 Nf7 32. Nb6 Rab8 33. Bc4 Bxc4 34. Rxc4
Kg7 35. Rd1 g5 36. d7 Kf8 37. c6 bxc6 38. Rxc6 Rb7 39. Re6 g4 40. fxg4 hxg4 41.
Kf2 g3+ 42. Ke2 a5 43. Rc1 a4 44. Rc8 Rb8 45. Nxa4 Rbxc8 46. dxc8=Q Rxc8 47.
Ra6 Rc2+ 48. Kf1 Ng5 49. Ra5 f3 50. gxf3 g2+ 51. Kg1 Nxf3# 0-1

[Event "España ch 2012 Veteranos"]
[Site "Mondariz ESP"]
[Date "2012.10.13"]
[Round "4.13"]
[White "Darias Darias, Luis"]
[Black "Sio Areal, Manuel"]
[Result "1-0"]
[WhiteElo "1847"]
[BlackElo "1415"]
[PlyCount "77"]
[EventDate "2012.10.10"]
[EventType "swiss"]
[EventRounds "9"]
[EventCountry "ESP"]
[Source "lmi"]
[SourceDate "2012.10.10"]

1. d4 d5 2. e3 Nf6 3. Bd3 e6 4. Nd2 Nbd7 5. Ngf3 c5 6. c3 c4 7. Bc2 Bd6 8. O-O
O-O 9. e4 dxe4 10. Nxe4 Nxe4 11. Bxe4 f5 12. Bc2 Nf6 13. Re1 Qc7 14. h3 b5 15.
Ne5 Rd8 16. Bg5 Be7 17. Qe2 Bb7 18. a4 a6 19. Nf3 Bd5 20. Bxf5 exf5 21. Qxe7
Rd7 22. Qe5 Qb7 23. Bxf6 gxf6 24. Qxf5 Rf8 25. Re3 Rg7 26. axb5 Qxb5 27. Rae1
Qc6 28. Re7 Bxf3 29. Rxg7+ Kxg7 30. Re7+ Rf7 31. Rxf7+ Kxf7 32. gxf3 Kg7 33. d5
Qb5 34. Kg2 Qb3 35. d6 Qxb2 36. Qg4+ Kf7 37. Qxc4+ Ke8 38. Qe6+ Kd8 39. Qe7+
1-0

[Event "España ch 2012 Veteranos"]
[Site "Mondariz ESP"]
[Date "2012.10.13"]
[Round "4.14"]
[White "Fernandez Garcia, Ignacio"]
[Black "Garcia Sanchez, Jose Manuel"]
[Result "0-1"]
[WhiteElo "1793"]
[BlackElo "1874"]
[PlyCount "66"]
[EventDate "2012.10.10"]
[EventType "swiss"]
[EventRounds "9"]
[EventCountry "ESP"]
[Source "lmi"]
[SourceDate "2012.10.10"]

1. e4 c5 2. Nf3 d6 3. Bc4 Nf6 4. Nc3 e6 5. O-O Be7 6. d4 cxd4 7. Nxd4 a6 8. Qe2
Qc7 9. Bg5 O-O 10. Rad1 Nbd7 11. Bxe6 fxe6 12. Nxe6 Qa5 13. Nxf8 Qxg5 14. Nxd7
Bxd7 15. Nd5 Nxd5 16. Rxd5 Qg6 17. f4 Bc6 18. f5 Qf7 19. Rdd1 Bb5 20. Qg4 Bxf1
21. Rxf1 Bf6 22. b3 Re8 23. g3 Qe7 24. Rd1 b5 25. Kf2 Qc7 26. Qe2 Be5 27. Qd3
Qc5+ 28. Kf3 Rc8 29. Rd2 Kf8 30. Kg4 Ke7 31. Kh5 Qc6 32. h4 Qe8+ 33. Kg4 Rc3
0-1

[Event "España ch 2012 Veteranos"]
[Site "Mondariz ESP"]
[Date "2012.10.14"]
[Round "5.1"]
[White "Montecatine Rios, Ricardo"]
[Black "Franco Ocampos, Zenon"]
[Result "1/2-1/2"]
[WhiteElo "2316"]
[BlackElo "2502"]
[PlyCount "69"]
[EventDate "2012.10.10"]
[EventType "swiss"]
[EventRounds "9"]
[EventCountry "ESP"]
[Source "lmi"]
[SourceDate "2012.10.10"]

1. d4 Nf6 2. c4 e6 3. Nc3 Bb4 4. f3 d5 5. a3 Bxc3+ 6. bxc3 c5 7. cxd5 exd5 8.
e3 O-O 9. Bd3 b6 10. Ne2 Ba6 11. Bxa6 Nxa6 12. O-O Re8 13. Ng3 Nb8 14. Ra2 Nc6
15. Re2 g6 16. Bb2 h5 17. Rfe1 h4 18. Nh1 Rc8 19. Nf2 cxd4 20. cxd4 Nh5 21. Nh3
Qd7 22. e4 Re7 23. a4 Na5 24. Ba3 Ree8 25. Bc1 Rc4 26. exd5 Rec8 27. Re7 Qxd5
28. Re8+ Kg7 29. Rxc8 Rxc8 30. Qd2 Kg8 31. Nf4 Nxf4 32. Qxf4 Nc6 33. Qxh4 Qxd4+
34. Qxd4 Nxd4 35. Bb2 1/2-1/2

[Event "España ch 2012 Veteranos"]
[Site "Mondariz ESP"]
[Date "2012.10.14"]
[Round "5.2"]
[White "Serra Olives, Tomas"]
[Black "Simon Padros, Emili"]
[Result "1/2-1/2"]
[WhiteElo "2132"]
[BlackElo "2202"]
[PlyCount "60"]
[EventDate "2012.10.10"]
[EventType "swiss"]
[EventRounds "9"]
[EventCountry "ESP"]
[Source "lmi"]
[SourceDate "2012.10.10"]

1. e4 e6 2. d4 d5 3. Nc3 Bb4 4. e5 c5 5. a3 Bxc3+ 6. bxc3 Qc7 7. Nf3 b6 8. a4
Ne7 9. Bb5+ Bd7 10. Bd3 h6 11. O-O Nbc6 12. Re1 Na5 13. Ba3 O-O 14. Bc1 cxd4
15. cxd4 Nc4 16. Nd2 f5 17. Nxc4 dxc4 18. Be2 Nd5 19. Ba3 Rfc8 20. Bd6 Qb7 21.
Bf3 Bc6 22. Ra3 Qd7 23. Bxd5 Bxd5 24. Rg3 Qf7 25. Qd2 Kh7 26. c3 Rg8 27. h4 Qh5
28. Be7 Rge8 29. Ba3 Rac8 30. Qf4 Rc7 1/2-1/2

[Event "España ch 2012 Veteranos"]
[Site "Mondariz ESP"]
[Date "2012.10.14"]
[Round "5.3"]
[White "Estrada Martinez, Cesar"]
[Black "Vinal Gutierrez, Pedro"]
[Result "1/2-1/2"]
[WhiteElo "2090"]
[BlackElo "2009"]
[PlyCount "60"]
[EventDate "2012.10.10"]
[EventType "swiss"]
[EventRounds "9"]
[EventCountry "ESP"]
[Source "lmi"]
[SourceDate "2012.10.10"]

1. d4 Nf6 2. c4 g6 3. Nc3 Bg7 4. Nf3 O-O 5. Bf4 d6 6. h3 c5 7. d5 a6 8. a4 Qa5
9. Bd2 Qc7 10. e4 e5 11. dxe6 fxe6 12. Be2 Nc6 13. O-O Nd4 14. Be3 e5 15. Rb1
a5 16. Nh2 Be6 17. b3 Qc8 18. Nd5 Bxd5 19. cxd5 Qc7 20. Bd3 Nh5 21. g3 Rf7 22.
Be2 Nf6 23. f3 Nh5 24. Kg2 Raf8 25. Ng4 Re7 26. Bg5 Ree8 27. Qd2 b6 28. Rf2 Kh8
29. Bc4 Nf6 30. Rbf1 Qd7 1/2-1/2

[Event "España ch 2012 Veteranos"]
[Site "Mondariz ESP"]
[Date "2012.10.14"]
[Round "5.4"]
[White "Coll Pons, Guillem"]
[Black "Buxade Roca, Guillermo"]
[Result "1/2-1/2"]
[WhiteElo "2040"]
[BlackElo "2128"]
[PlyCount "68"]
[EventDate "2012.10.10"]
[EventType "swiss"]
[EventRounds "9"]
[EventCountry "ESP"]
[Source "lmi"]
[SourceDate "2012.10.10"]

1. d4 d5 2. c4 e5 3. dxe5 d4 4. Nf3 Nc6 5. g3 Nge7 6. Bg2 Ng6 7. O-O Ngxe5 8.
Nbd2 Be7 9. b3 O-O 10. Bb2 Rb8 11. a3 a5 12. Rc1 Bf5 13. c5 Bf6 14. Nxe5 Bxe5
15. Nc4 Bf6 16. Qd2 Re8 17. Rfe1 Bg5 18. f4 Bf6 19. Nxa5 Nxa5 20. Qxa5 Be4 21.
Bxe4 Rxe4 22. Qd2 h5 23. Rc4 h4 24. e3 hxg3 25. hxg3 b5 26. cxb6 Rxb6 27. Bxd4
Bxd4 28. Rxd4 Rxd4 29. exd4 Rxb3 30. Re3 Rb1+ 31. Kh2 Qb8 32. Qe2 Kf8 33. Rd3
Qb7 34. Qg2 Qb8 1/2-1/2

[Event "España ch 2012 Veteranos"]
[Site "Mondariz ESP"]
[Date "2012.10.14"]
[Round "5.5"]
[White "Casares Ripoll, Fernando"]
[Black "Bello Filgueira, Joaquin Anton"]
[Result "1-0"]
[WhiteElo "2149"]
[BlackElo "1920"]
[PlyCount "76"]
[EventDate "2012.10.10"]
[EventType "swiss"]
[EventRounds "9"]
[EventCountry "ESP"]
[Source "lmi"]
[SourceDate "2012.10.10"]

1. e4 c5 2. c3 Nf6 3. e5 Nd5 4. d4 cxd4 5. Nf3 e6 6. cxd4 Nc6 7. Nc3 Nxc3 8.
bxc3 d6 9. exd6 Bxd6 10. Bd3 Qa5 11. Bd2 Qh5 12. O-O O-O 13. h3 h6 14. Re1 e5
15. Nxe5 Qxd1 16. Raxd1 Nxe5 17. dxe5 Bc5 18. Be3 Bxe3 19. Rxe3 Be6 20. Be4
Rab8 21. Bd5 Bxd5 22. Rxd5 Rfd8 23. c4 Kf8 24. Red3 Rxd5 25. cxd5 Ke7 26. Rc3
Rd8 27. Rc7+ Ke8 28. d6 Rd7 29. Rxd7 Kxd7 30. Kf1 f6 31. f4 g5 32. g3 b5 33.
Ke2 a5 34. Kd3 h5 35. h4 gxh4 36. gxh4 f5 37. Kd4 Kc6 38. d7 Kxd7 1-0

[Event "España ch 2012 Veteranos"]
[Site "Mondariz ESP"]
[Date "2012.10.14"]
[Round "5.6"]
[White "Diaz Franco, Francisco Jorge"]
[Black "Pastor Alonso De Prado, Albert"]
[Result "0-1"]
[WhiteElo "1987"]
[BlackElo "2139"]
[PlyCount "98"]
[EventDate "2012.10.10"]
[EventType "swiss"]
[EventRounds "9"]
[EventCountry "ESP"]
[Source "lmi"]
[SourceDate "2012.10.10"]

1. d4 d5 2. c4 c5 3. cxd5 Nf6 4. dxc5 Qxd5 5. Qxd5 Nxd5 6. a3 e5 7. e4 Nf6 8.
Nc3 Bxc5 9. Nf3 Nc6 10. Bb5 Bd7 11. Bxc6 Bxc6 12. Nxe5 Nxe4 13. Nxe4 Bxe4 14.
O-O Rd8 15. Re1 f5 16. Be3 Bxe3 17. Rxe3 O-O 18. f3 Rfe8 19. Nc4 Bd3 20. Ne5
Bb5 21. f4 Rd4 22. g3 Rc8 23. Nf3 Rdc4 24. Rae1 Rc2 25. Nd4 Rxb2 26. Re7 Bd3
27. Re8+ Rxe8 28. Rxe8+ Kf7 29. Re5 g6 30. Nf3 h6 31. Rd5 Be4 32. Ne5+ Ke6 33.
Rc5 g5 34. Nc4 Rg2+ 35. Kf1 Rxh2 36. Re5+ Kf6 37. Nd6 Bd3+ 38. Kg1 Rb2 39. Ne8+
Kf7 40. Nd6+ Kg6 41. Re6+ Kh5 42. Nf7 Kg4 43. Nxh6+ Kh3 44. fxg5 Rg2+ 45. Kh1
Rxg3 46. Nxf5 Bxf5 47. Rh6+ Kg4 48. g6 Be4+ 49. Kh2 Rg2+ 0-1

[Event "España ch 2012 Veteranos"]
[Site "Mondariz ESP"]
[Date "2012.10.14"]
[Round "5.7"]
[White "Oneto Zarco, Jose"]
[Black "Ciuro Munoz, Ricardo"]
[Result "1/2-1/2"]
[WhiteElo "2013"]
[BlackElo "2087"]
[PlyCount "66"]
[EventDate "2012.10.10"]
[EventType "swiss"]
[EventRounds "9"]
[EventCountry "ESP"]
[Source "lmi"]
[SourceDate "2012.10.10"]

1. e4 e6 2. d4 d5 3. Nd2 c5 4. Ngf3 Nc6 5. c3 cxd4 6. cxd4 dxe4 7. Nxe4 Nf6 8.
Bd3 Be7 9. O-O O-O 10. Be3 Nb4 11. Bb1 Nbd5 12. Qd3 g6 13. Bh6 Re8 14. Ne5 Nxe4
15. Qxe4 Bf8 16. Bxf8 Rxf8 17. Rd1 Bd7 18. Bc2 Rc8 19. Rac1 Bc6 20. Qg4 Nf6 21.
Qh4 Kg7 22. Bb3 Bd5 23. Bxd5 Qxd5 24. b3 Rfd8 25. Nf3 h6 26. Qf4 Qe4 27. Qxe4
Nxe4 28. Rc4 b5 29. Rcc1 Nc3 30. Re1 Ne2+ 31. Rxe2 Rxc1+ 32. Re1 Rxe1+ 33. Nxe1
Rxd4 1/2-1/2

[Event "España ch 2012 Veteranos"]
[Site "Mondariz ESP"]
[Date "2012.10.14"]
[Round "5.8"]
[White "Gutierrez Leon, Cristobal"]
[Black "Lopez Colon, Francisco"]
[Result "0-1"]
[WhiteElo "1947"]
[BlackElo "2093"]
[PlyCount "76"]
[EventDate "2012.10.10"]
[EventType "swiss"]
[EventRounds "9"]
[EventCountry "ESP"]
[Source "lmi"]
[SourceDate "2012.10.10"]

1. Nf3 g6 2. g3 Bg7 3. Bg2 e5 4. d3 d5 5. O-O Ne7 6. c3 O-O 7. Qc2 c6 8. a4 h6
9. Nbd2 Be6 10. b4 Qd7 11. Nb3 Na6 12. Bb2 Bh3 13. Bxh3 Qxh3 14. b5 Nb8 15. Ba3
Re8 16. e4 Nd7 17. Nc5 Nxc5 18. Bxc5 g5 19. Bxe7 Rxe7 20. bxc6 bxc6 21. Rab1 f5
22. exf5 Qxf5 23. Ne1 Rf8 24. a5 h5 25. a6 h4 26. Rb7 Ref7 27. Rxf7 Rxf7 28. c4
e4 29. cxd5 cxd5 30. dxe4 dxe4 31. Qe2 Bd4 32. gxh4 gxh4 33. Kh1 Bxf2 34. Ng2
h3 35. Ne3 Qf3+ 36. Qxf3 Rxf3 37. Nc4 e3 38. Nxe3 Rxe3 0-1

[Event "España ch 2012 Veteranos"]
[Site "Mondariz ESP"]
[Date "2012.10.14"]
[Round "5.9"]
[White "Sarto Ramos, Angel"]
[Black "Hostalet Ferrer, Pedro Enrique"]
[Result "0-1"]
[WhiteElo "2000"]
[BlackElo "2031"]
[PlyCount "110"]
[EventDate "2012.10.10"]
[EventType "swiss"]
[EventRounds "9"]
[EventCountry "ESP"]
[Source "lmi"]
[SourceDate "2012.10.10"]

1. d4 d5 2. Nf3 e6 3. Nbd2 c5 4. e3 Nc6 5. a3 Nf6 6. b3 Bd6 7. Bb2 Qc7 8. dxc5
Bxc5 9. b4 Bd6 10. c4 Ne5 11. c5 Nxf3+ 12. Nxf3 Be7 13. Bd3 O-O 14. Qc2 h6 15.
O-O Bd7 16. Ne5 Rfc8 17. Rac1 Be8 18. f4 a5 19. Bd4 Nd7 20. e4 Bf6 21. Qc3 axb4
22. axb4 Nxe5 23. fxe5 Bg5 24. Ra1 b6 25. exd5 exd5 26. Rxa8 Rxa8 27. cxb6 Qxc3
28. Bxc3 Be3+ 29. Kh1 Bxb6 30. Ra1 Rxa1+ 31. Bxa1 Kf8 32. g3 Ke7 33. Bf5 g6 34.
Bh3 Bd7 35. Kg2 Bxh3+ 36. Kxh3 Ke6 37. Kg4 d4 38. Bb2 Kxe5 39. Kf3 f5 40. Bc1
g5 41. h3 Kd5 42. h4 Bd8 43. hxg5 hxg5 44. Ke2 Kc4 45. b5 Kxb5 46. Kd3 Kc5 47.
Bb2 Bf6 48. Ba3+ Kd5 49. Bb2 g4 50. Bc1 Be5 51. Bb2 Bxg3 52. Bxd4 Be5 53. Ba7
f4 54. Bb6 Bd6 55. Ke2 Ke4 0-1

[Event "España ch 2012 Veteranos"]
[Site "Mondariz ESP"]
[Date "2012.10.14"]
[Round "5.11"]
[White "Sanz Bastos, Fernando"]
[Black "Salgado Gonzalez, Julio"]
[Result "1/2-1/2"]
[WhiteElo "2022"]
[BlackElo "1836"]
[PlyCount "68"]
[EventDate "2012.10.10"]
[EventType "swiss"]
[EventRounds "9"]
[EventCountry "ESP"]
[Source "lmi"]
[SourceDate "2012.10.10"]

1. e4 Nc6 2. Nc3 e5 3. Nf3 Nf6 4. Bb5 Bb4 5. d3 O-O 6. O-O Bxc3 7. bxc3 d6 8.
Bg5 h6 9. Bh4 Bg4 10. h3 Bxf3 11. Qxf3 g5 12. Bg3 Kg7 13. a4 Ne7 14. d4 Ng6 15.
Rfd1 Qe7 16. Bd3 Qe6 17. Rab1 Rab8 18. d5 Qd7 19. Ra1 h5 20. Qf5 Qxf5 21. exf5
Ne7 22. c4 e4 23. Re1 Nxf5 24. Bxe4 Nxg3 25. fxg3 Rfe8 26. Bd3 Rxe1+ 27. Rxe1
Re8 28. Rb1 b6 29. a5 Nd7 30. axb6 axb6 31. Kf2 Nc5 32. Ra1 Ne4+ 33. Kf3 Nd2+
34. Kf2 Ne4+ 1/2-1/2

[Event "España ch 2012 Veteranos"]
[Site "Mondariz ESP"]
[Date "2012.10.14"]
[Round "5.12"]
[White "Vidal Torres, Roberto"]
[Black "Lorenzo Duran, Marcos"]
[Result "0-1"]
[WhiteElo "1705"]
[BlackElo "2112"]
[PlyCount "68"]
[EventDate "2012.10.10"]
[EventType "swiss"]
[EventRounds "9"]
[EventCountry "ESP"]
[Source "lmi"]
[SourceDate "2012.10.10"]

1. d4 d5 2. c4 c6 3. Nf3 Nf6 4. Nc3 a6 5. e3 Bf5 6. b3 e6 7. c5 Nbd7 8. Bd3
Bxd3 9. Qxd3 e5 10. Nxe5 Nxe5 11. dxe5 Nd7 12. Na4 Nxc5 13. Nxc5 Bxc5 14. Qc3
Qe7 15. O-O O-O 16. Bb2 Rfe8 17. a3 Rad8 18. Rfd1 Ba7 19. a4 Qe6 20. Qb4 c5 21.
Qh4 d4 22. Rab1 Qxb3 23. exd4 Qxa4 24. Qf4 cxd4 25. Ra1 Qd7 26. Qg3 Qb5 27. Bc1
Qxe5 28. Bf4 Qe4 29. Bg5 Rd5 30. h4 d3 31. Re1 Qxe1+ 32. Rxe1 Rxe1+ 33. Kh2 d2
34. Bh6 Rh1+ 0-1

[Event "España ch 2012 Veteranos"]
[Site "Mondariz ESP"]
[Date "2012.10.14"]
[Round "5.13"]
[White "Garcia Sanchez, Jose Manuel"]
[Black "Iglesias Vidal, Jose Luis"]
[Result "1-0"]
[WhiteElo "1874"]
[BlackElo "1685"]
[PlyCount "106"]
[EventDate "2012.10.10"]
[EventType "swiss"]
[EventRounds "9"]
[EventCountry "ESP"]
[Source "lmi"]
[SourceDate "2012.10.10"]

1. e4 c5 2. Nf3 d6 3. d4 cxd4 4. Nxd4 Nf6 5. Nc3 a6 6. Bg5 e6 7. f4 Be7 8. Bd3
Qb6 9. Nb3 Qe3+ 10. Qe2 Qxe2+ 11. Nxe2 Nc6 12. a3 h6 13. Bh4 Ng4 14. Bxe7 Nxe7
15. h3 Nf6 16. O-O Nc6 17. Rad1 Bd7 18. Nbd4 Rc8 19. Nf3 d5 20. e5 Ng8 21. c3
Na5 22. Nd2 Ne7 23. Nd4 g6 24. Rc1 b5 25. b4 Nc4 26. Nxc4 bxc4 27. Bc2 Nf5 28.
Nxf5 gxf5 29. Kf2 h5 30. Rg1 Rg8 31. Bd1 h4 32. g4 hxg3+ 33. Rxg3 Rxg3 34. Kxg3
Ke7 35. Bf3 f6 36. h4 fxe5 37. fxe5 Rg8+ 38. Kf4 Be8 39. Rh1 Ba4 40. h5 Bc2 41.
h6 Be4 42. h7 Rh8 43. Bxe4 fxe4 44. Ke3 Kf7 45. a4 Kg7 46. b5 axb5 47. axb5 Rf8
48. h8=Q+ Rxh8 49. Rxh8 Kxh8 50. b6 d4+ 51. Kxd4 Kg7 52. b7 Kg6 53. b8=Q e3 1-0

[Event "España ch 2012 Veteranos"]
[Site "Mondariz ESP"]
[Date "2012.10.14"]
[Round "5.14"]
[White "Sio Areal, Manuel"]
[Black "Benito Alba, Eladio"]
[Result "0-1"]
[WhiteElo "1415"]
[BlackElo "1736"]
[PlyCount "62"]
[EventDate "2012.10.10"]
[EventType "swiss"]
[EventRounds "9"]
[EventCountry "ESP"]
[Source "lmi"]
[SourceDate "2012.10.10"]

1. d4 d5 2. Bf4 Nf6 3. Nf3 e6 4. Nbd2 c5 5. e3 Nc6 6. c3 Bd6 7. Ne5 O-O 8. Bd3
Qc7 9. Ndf3 Ne7 10. Bg5 Ng6 11. Bxf6 gxf6 12. h4 Nxe5 13. dxe5 Bxe5 14. Nxe5
Qxe5 15. Kd2 Kh8 16. f4 Qd6 17. Qh5 f5 18. g4 d4 19. gxf5 exf5 20. Raf1 dxe3+
21. Ke2 Qf6 22. Rhg1 Be6 23. Rg5 Rg8 24. Rxf5 Bxf5 25. Bxf5 Rg7 26. Rg1 Rag8
27. Rg5 h6 28. Rg4 Rxg4 29. Bxg4 Qxf4 30. Bf3 Rd8 31. Ke1 Qg3+ 0-1

[Event "España ch 2012 Veteranos"]
[Site "Mondariz ESP"]
[Date "2012.10.15"]
[Round "6.1"]
[White "Franco Ocampos, Zenon"]
[Black "Estrada Martinez, Cesar"]
[Result "1-0"]
[WhiteElo "2502"]
[BlackElo "2090"]
[PlyCount "57"]
[EventDate "2012.10.10"]
[EventType "swiss"]
[EventRounds "9"]
[EventCountry "ESP"]
[Source "lmi"]
[SourceDate "2012.10.10"]

1. Nf3 d5 2. g3 Nf6 3. Bg2 g6 4. c4 c6 5. cxd5 cxd5 6. d4 Nc6 7. Ne5 Qd6 8. Nc3
Bg7 9. Bf4 Qb4 10. Nxc6 bxc6 11. Qd2 Nh5 12. Be3 Rb8 13. b3 e5 14. dxe5 Bxe5
15. Rc1 O-O 16. Na4 Qxd2+ 17. Kxd2 Rd8 18. Bxa7 Ra8 19. Bb6 Rd6 20. Bc7 Re6 21.
Bxe5 Rxe5 22. e3 Bd7 23. Rc2 Rd8 24. Rhc1 Nf6 25. Nc5 Be8 26. Nd3 Re7 27. Kc3
Nd7 28. Kb2 f5 29. Rxc6 1-0

[Event "España ch 2012 Veteranos"]
[Site "Mondariz ESP"]
[Date "2012.10.15"]
[Round "6.2"]
[White "Vinal Gutierrez, Pedro"]
[Black "Serra Olives, Tomas"]
[Result "0-1"]
[WhiteElo "2009"]
[BlackElo "2132"]
[PlyCount "118"]
[EventDate "2012.10.10"]
[EventType "swiss"]
[EventRounds "9"]
[EventCountry "ESP"]
[Source "lmi"]
[SourceDate "2012.10.10"]

1. d4 Nf6 2. Nf3 e6 3. Bg5 c5 4. e3 cxd4 5. exd4 Be7 6. c3 O-O 7. Bd3 b6 8. Qe2
Bb7 9. O-O d6 10. Bxf6 Bxf6 11. Nbd2 Nd7 12. Ne4 Be7 13. Rfe1 Nf6 14. Nxf6+
Bxf6 15. Be4 Bxe4 16. Qxe4 Rc8 17. Nd2 Qc7 18. Re3 g6 19. Qf4 Qd8 20. Ne4 Be7
21. Rh3 f5 22. Ng3 Bg5 23. Qf3 Qd7 24. Nf1 Qf7 25. Qe2 Rfe8 26. Rd3 Rc7 27. f3
e5 28. dxe5 dxe5 29. Rdd1 e4 30. g3 exf3 31. Qxf3 Rce7 32. h4 Bh6 33. b3 Bg7
34. Rd2 Bh6 35. Rc2 Re4 36. Rd1 Qe6 37. c4 Be3+ 38. Nxe3 Rxe3 39. Qg2 Qe5 40.
Kh2 f4 41. Qd5+ Qxd5 42. cxd5 Re2+ 43. Rxe2 Rxe2+ 44. Kh3 fxg3 45. Kxg3 Kf7 46.
Kf4 Ke7 47. h5 Kd6 48. hxg6 hxg6 49. Rg1 Kxd5 50. Rg5+ Kd4 51. a4 Rf2+ 52. Kg3
Rf6 53. a5 Rf5 54. Rg4+ Kc3 55. axb6 axb6 56. b4 g5 57. Kg2 b5 58. Kg1 Rf4 59.
Rxg5 Kxb4 0-1

[Event "España ch 2012 Veteranos"]
[Site "Mondariz ESP"]
[Date "2012.10.15"]
[Round "6.3"]
[White "Simon Padros, Emili"]
[Black "Coll Pons, Guillem"]
[Result "1/2-1/2"]
[WhiteElo "2202"]
[BlackElo "2040"]
[PlyCount "60"]
[EventDate "2012.10.10"]
[EventType "swiss"]
[EventRounds "9"]
[EventCountry "ESP"]
[Source "lmi"]
[SourceDate "2012.10.10"]

1. e4 e5 2. Nf3 Nc6 3. Bb5 a6 4. Ba4 Nf6 5. d3 d6 6. c3 Be7 7. Nbd2 O-O 8. Nf1
b5 9. Bb3 d5 10. Qe2 d4 11. Ng3 h6 12. O-O Re8 13. a4 b4 14. cxb4 Bxb4 15. Nh4
Rb8 16. Nhf5 Bf8 17. Ba2 Ne7 18. Qf3 Nxf5 19. Nxf5 Be6 20. Qg3 Kh8 21. Bxe6
Rxe6 22. a5 Rb3 23. Qf3 c5 24. Ra4 Rb5 25. g4 Rxa5 26. Rxa5 Qxa5 27. h4 Nxg4
28. Qxg4 Rg6 29. Bg5 hxg5 30. hxg5 Qd2 1/2-1/2